[Event "Stay Safe Play From Home 227"]
[Site "T#646802Emanuel Laske"]
[Date "2020.06.15"]
[Round "9"]
[White "Haxhi Baha"]
[Black "Klasman"]
[Result "1-0"]
[WhiteElo "1948"]
[BlackElo "1270"]
[Annotator "TA"]
[PlyCount "45"]
[EventDate "2020.06.15"]
[EventType "swiss (blitz)"]

{[%evp 9,45,130,114,67,61,27,68,63,60,55,61,18,47,-6,-11,-27,51,37,98,39,87,85,138,129,438,176,148,158,392,413,416,421,427,150,479,455,583,413]} 1. e4 f5 2. exf5 Nf6 3. d4 d5 4. Bd3 Nc6 5. c3 e6 6. Bg5 {[#] B00: Queen's Fianchetto Defence, Nimzowitsch Defence.} exf5 $146 ({Predecessor:} 6... Be7 7. Bxf6 Bxf6 8. Qh5+ g6 9. fxg6 hxg6 10. Bxg6+ Ke7 11. Qe2 Qg8 12. Bh5 Qxg2 {1-0 (36) Zuazua Iglesias,F-Castano Garzon,E Norena 2001}) 7. Nf3 Bd6 8. O-O {White is slightly better.} O-O 9. Re1 h6 10. Be3 (10. Bxf6 $5 Qxf6 11. Qb3 $14) 10... Ng4 11. h3 (11. Bd2 $14) 11... Nxe3 $11 12. Rxe3 Qf6 (12... g5 $1 $11 13. Ne5 g4) 13. Nbd2 $14 Bd7 (13... a5 $14) 14. Qc2 ({Better is} 14. Qb3 $16) 14... f4 15. Re2 g5 ({Black should play} 15... Rae8) 16. Rae1 h5 $2 {[%mdl 8192] [#]} (16... a5 $16) 17. Ne5 (17. Qb3 $142) 17... Bxe5 $18 18. dxe5 Qg7 $2 (18... Qe7 $16 19. e6 Be8) 19. e6 Be8 20. e7 Rf7 {[%cal Rf7e7]} 21. Bf5 $2 {[#]} (21. Qb3 $18 {and the rest is easy.}) 21... Nxe7 $2 (21... Rxe7 $16 {is more resistant.} 22. Be6+ Kh8) 22. Be6 g4 23. h4 {Accuracy: White = 39%, Black = 17%.} 1-0

[Event "Stay Safe Play From Home 227"]
[Site "T#646802Emanuel Laske"]
[Date "2020.06.15"]
[Round "9"]
[White "Zitnik"]
[Black "Broken sword"]
[Result "0-1"]
[WhiteElo "1832"]
[BlackElo "2446"]
[Annotator "TA"]
[PlyCount "50"]
[EventDate "2020.06.15"]
[EventType "swiss (blitz)"]

{[%evp 9,50,5,54,26,22,21,8,23,13,-42,5,-31,-6,-56,-57,-44,-35,-72,-28,-37,-40,-118,-112,-823,-840,-922,-907,-1134,-1126,-1105,-1097,-2360,-2183,-2467,-2430,-29986,-29987,-29983,-29971,-5339,-5331,-29999,-29998]} 1. b3 d5 2. Bb2 c5 3. e3 Nc6 4. Nf3 a6 5. Be2 f6 {[#]} 6. O-O $146 {A06: Réti Opening: 1 Nf3 d5.} ({Predecessor:} 6. d4 e6 7. O-O Nh6 8. c4 b6 9. cxd5 exd5 10. Nc3 Be6 11. dxc5 Bxc5 12. Na4 Qe7 13. Nxc5 bxc5 {1-0 (46) Tschlatscher,T (2092)-Wendler,W (2062) Stuttgart 2016}) 6... e5 7. d4 cxd4 8. exd4 {The position is equal.} e4 9. Nh4 ({Better is} 9. Nfd2 $11) 9... g6 10. g3 f5 11. f4 Be7 12. Ng2 Nf6 13. Ne3 Be6 14. c4 O-O $36 {[%mdl 2048] Black fights for an advantage.} 15. cxd5 (15. Kh1 $15) 15... Nxd5 $17 16. Nc3 $2 {[%mdl 8192] [#] This move loses the game for White.} (16. Nxd5 $17 Bxd5 17. Na3) 16... Nxe3 $19 17. Qd2 Nxf1 18. Rxf1 Qxd4+ 19. Qxd4 Nxd4 20. Nxe4 Nxe2+ 21. Kg2 fxe4 22. Re1 {[#]} Nxf4+ $1 23. gxf4 Rxf4 24. Be5 Rg4+ 25. Kh3 Rg5+ {Accuracy: White = 36%, Black = 66%.} 0-1

[Event "Stay Safe Play From Home 227"]
[Site "T#646802Emanuel Laske"]
[Date "2020.06.15"]
[Round "9"]
[White "Bishop91"]
[Black "Lamborghini"]
[Result "1-0"]
[WhiteElo "1639"]
[BlackElo "2246"]
[Annotator "NA RC"]
[PlyCount "53"]
[EventDate "2020.06.15"]
[EventType "swiss (blitz)"]

1. e4 {[%emt 0:00:00]} c5 {[%emt 0:00:02]} 2. Bc4 {[%emt 0:00:02]} e6 {[%emt 0:00:01]} 3. c3 {[%emt 0:00:01]} d5 {[%emt 0:00:01]} 4. exd5 {[%emt 0:00:01]} exd5 {[%emt 0:00:01]} 5. Bb3 {[%emt 0:00:00]} c4 {[%emt 0:00:02]} 6. Bc2 {[%emt 0:00:01]} Nf6 {[%emt 0:00:01]} 7. d4 {[%emt 0:00:01]} Bd6 {[%emt 0:00:02]} 8. Nf3 {[%emt 0:00:01]} O-O {[%emt 0:00:01]} 9. O-O {[%emt 0:00:00]} Ne4 {[%emt 0:00:01]} 10. Re1 {[%emt 0:00:01]} f5 {[%emt 0:00:01]} 11. Nbd2 {[%emt 0:00:04]} Nc6 {[%emt 0:00:01]} 12. Nxe4 {[%emt 0:00:01]} fxe4 {[%emt 0:00:01]} 13. Bg5 {[%emt 0:00:05]} Qc7 {[%emt 0:00:05]} 14. Ne5 {[%emt 0:00:04]} Bxe5 {[%emt 0:00:02]} 15. dxe5 {[%emt 0:00:00]} Qxe5 {[%emt 0:00:01]} 16. Be3 {[%emt 0:00:02]} Be6 {[%emt 0:00:01]} 17. b3 {[%emt 0:00:03]} b5 {[%emt 0:00:01]} 18. bxc4 {[%emt 0:00:01]} bxc4 {[%emt 0:00:02]} 19. Rb1 {[%emt 0:00:00]} Qxc3 {[%emt 0:00:02]} 20. Ba4 {[%emt 0:00:07]} Rac8 {[%emt 0:00:02]} 21. Bxc6 {[%emt 0:00:01]} Rxc6 {[%emt 0:00:01]} 22. Bd4 {[%emt 0:00:01]} Qa3 {[%emt 0:00:04]} 23. Rb7 {[%emt 0:00:01]} Rf7 {[%emt 0:00:02]} 24. Rxf7 {[%emt 0:00:02]} Bxf7 {[%emt 0:00:01]} 25. Qg4 {[%emt 0:00:00]} Bg6 {[%emt 0:00:05]} 26. Qd7 {[%emt 0:00:01]} Qd6 {[%emt 0:00:01]} 27. Qxg7# {[%emt 0:00:01] (Lag: Av=0.26s, max=0.5s)} 1-0

[Event "Stay Safe Play From Home 227"]
[Site "T#646802Emanuel Laske"]
[Date "2020.06.15"]
[Round "9"]
[White "Trotsky"]
[Black "Edmatuag"]
[Result "0-1"]
[WhiteElo "1543"]
[BlackElo "1655"]
[Annotator "NA RC"]
[PlyCount "48"]
[EventDate "2020.06.15"]
[EventType "swiss (blitz)"]

1. d4 {[%emt 0:00:01]} d5 {[%emt 0:00:01]} 2. e3 {[%emt 0:00:00]} e6 {[%emt 0:00:00]} 3. c4 {[%emt 0:00:01]} Nf6 {[%emt 0:00:00]} 4. Nc3 {[%emt 0:00:01]} Bb4 {[%emt 0:00:01]} 5. Nf3 {[%emt 0:00:01]} c5 {[%emt 0:00:01]} 6. Bd3 {[%emt 0:00:02]} Nc6 {[%emt 0:00:01]} 7. Qc2 {[%emt 0:00:01]} Qa5 {[%emt 0:00:01]} 8. Bd2 {[%emt 0:00:01]} cxd4 {[%emt 0:00:03]} 9. exd4 {[%emt 0:00:01]} dxc4 {[%emt 0:00:01]} 10. Bxc4 {[%emt 0:00:01]} Bd7 {[%emt 0:00:01]} 11. h4 {[%emt 0:00:02]} Nd5 {[%emt 0:00:04]} 12. Ng5 {[%emt 0:00:02]} h6 {[%emt 0:00:05]} 13. Bxd5 {[%emt 0:00:03]} exd5 {[%emt 0:00:04]} 14. Nxd5 {[%emt 0:00:03]} Bxd2+ {[%emt 0:00:03]} 15. Qxd2 {[%emt 0:00:02]} Qxd5 {[%emt 0:00:01]} 16. Nf3 {[%emt 0:00:07]} O-O {[%emt 0:00:02]} 17. O-O-O {[%emt 0:00:01]} Bf5 {[%emt 0:00:02]} 18. g4 {[%emt 0:00:03]} Bh7 {[%emt 0:00:02]} 19. g5 {[%emt 0:00:03]} Qxf3 {[%emt 0:00:01]} 20. gxh6 {[%emt 0:00:03]} Qf5 {[%emt 0:00:03]} 21. Qd3 {[%emt 0:00:06]} Qxd3 {[%emt 0:00:01]} 22. Rxd3 {[%emt 0:00:01]} Bxd3 {[%emt 0:00:00]} 23. Kd2 {[%emt 0:00:01]} Bf5 {[%emt 0:00:03]} 24. Rg1 {[%emt 0:00:02]} g6 {[%emt 0:00:01] Âðåìÿ (Lag: Av=0.32s, max=0.5s)} 0-1